000 00264 a2200109 4500
110 _aUNFPA
245 _aGOK/UNFPA 7TH COUNTRY PROGRAMME EVALUATION
260 _c2009-2013
500 _aBOX 15
650 _2ANNUAL REPORT FOR OTHER ORGANISATIONS
942 _cPERIODICAL
999 _c2601
_d2601